| 000 | 00474nam a2200145Ia 4500 | ||
|---|---|---|---|
| 008 | 210716s1979 xx 000 0 und d | ||
| 041 | _aeng | ||
| 082 | _a519.72 CHHP | ||
| 100 | _aChhabra, P D; Rao, M S V. | ||
| 245 |
_aComputer oriented optimization techniques for: traffic and transportation systems. _bTraffic and transportation systems. |
||
| 250 | _a1 | ||
| 260 |
_aNew Delhi _bKhanna Publications _c1979 |
||
| 300 | _avii,254 | ||
| 650 | _aLinear Programming(519.72) | ||
| 999 |
_c182117 _d182117 |
||